000 00613nam a2200241Ia 4500
003 OSt
005 20220918191117.0
006 a|||||r|||| 00| 0
007 ta
008 220917b |||||||| |||| 00| 0 eng d
024 _a61,510
037 _cTextual
040 _aARTS
_cARTS
_beng
041 _2eng
_aeng
082 _aQ6:3, K9
100 _aCioran E M
_974958
245 0 _aNew Gods tr from the French by Richard Howard
260 _aN.Y
_bQuadrangle
_c1969
300 _a120p.;
_ccm.
650 _aRELIGION
942 _hQ6:3, K9
_cTEXL
_2CC
999 _c188361
_d188361